<?xml version="1.0" encoding="UTF-8"?><?xml-stylesheet type="text/xsl" href="static/style.xsl"?><OAI-PMH xmlns="http://www.openarchives.org/OAI/2.0/" xmlns:xsi="http://www.w3.org/2001/XMLSchema-instance" xsi:schemaLocation="http://www.openarchives.org/OAI/2.0/ http://www.openarchives.org/OAI/2.0/OAI-PMH.xsd"><responseDate>2026-04-29T09:10:25Z</responseDate><request verb="GetRecord" identifier="oai:riubu.ubu.es:10259/7433" metadataPrefix="marc">https://riubu.ubu.es/oai/request</request><GetRecord><record><header><identifier>oai:riubu.ubu.es:10259/7433</identifier><datestamp>2023-03-28T11:16:51Z</datestamp><setSpec>com_10259_6171</setSpec><setSpec>com_10259_5086</setSpec><setSpec>com_10259_2604</setSpec><setSpec>col_10259_6172</setSpec></header><metadata><record xmlns="http://www.loc.gov/MARC21/slim" xmlns:doc="http://www.lyncode.com/xoai" xmlns:xsi="http://www.w3.org/2001/XMLSchema-instance" xmlns:dcterms="http://purl.org/dc/terms/" xsi:schemaLocation="http://www.loc.gov/MARC21/slim http://www.loc.gov/standards/marcxml/schema/MARC21slim.xsd">
<leader>00925njm 22002777a 4500</leader>
<datafield tag="042" ind1=" " ind2=" ">
<subfield code="a">dc</subfield>
</datafield>
<datafield tag="720" ind1=" " ind2=" ">
<subfield code="a">Revilla Cuesta, Víctor</subfield>
<subfield code="e">author</subfield>
</datafield>
<datafield tag="720" ind1=" " ind2=" ">
<subfield code="a">Fiol Olivan, Francisco</subfield>
<subfield code="e">author</subfield>
</datafield>
<datafield tag="720" ind1=" " ind2=" ">
<subfield code="a">Perumal, Priyadharshini</subfield>
<subfield code="e">author</subfield>
</datafield>
<datafield tag="720" ind1=" " ind2=" ">
<subfield code="a">Ortega López, Vanesa</subfield>
<subfield code="e">author</subfield>
</datafield>
<datafield tag="720" ind1=" " ind2=" ">
<subfield code="a">Manso Villalaín, Juan Manuel</subfield>
<subfield code="e">author</subfield>
</datafield>
<datafield tag="260" ind1=" " ind2=" ">
<subfield code="c">2022-11</subfield>
</datafield>
<datafield tag="520" ind1=" " ind2=" ">
<subfield code="a">Numerous test results at laboratory scale confirm the utility of Recycled Aggregate (RA) for the development of&#xd;
concrete that demonstrates durability and adequate in-fresh and mechanical behavior. However, feasibility&#xd;
evaluations of the use of RA in real industrial applications are necessary, before any large-scale industrial&#xd;
application of these products can begin. In this research, the feasibility of producing precast-concrete components containing large amounts of coarse RA at a precast-concrete plant is analyzed. Two Self-Compacting&#xd;
Concretes (SCC) were produced incorporating 0% and 100% coarse RA, respectively, at both laboratory scale&#xd;
(0.08 m3&#xd;
) and industrial scale (2 m3&#xd;
). Work took place at the industrial-scale facilities of a precast-concrete&#xd;
company that was collaborating in this study. Flowability and mechanical behavior were maintained as concrete production volumes increased, and concrete strength even increased after adding coarse RA, due to a&#xd;
careful mix design. However, the durability performance worsened by around 20% when produced at industrial&#xd;
scale, being this worsening higher whether coarse RA was used. A Multi-Criteria Decision-Making (MCDM)&#xd;
analysis, in which the criteria of the precast-concrete company defined the relative importance of each concrete&#xd;
property, showed the feasibility of manufacturing precast-SCC components containing coarse RA for interior&#xd;
usage, whose fundamental requirement is adequate mechanical strength. The results of the MCDM analysis also&#xd;
underlined the lower cost of coarse RA, making its use in SCC components cast with large concrete volumes&#xd;
advisable. Overall, the addition of coarse RA in the precast-concrete industry is recommended in the interests of a&#xd;
greener construction sector.</subfield>
</datafield>
<datafield tag="024" ind2=" " ind1="8">
<subfield code="a">0959-6526</subfield>
</datafield>
<datafield tag="024" ind2=" " ind1="8">
<subfield code="a">http://hdl.handle.net/10259/7433</subfield>
</datafield>
<datafield tag="024" ind2=" " ind1="8">
<subfield code="a">10.1016/j.jclepro.2022.133873</subfield>
</datafield>
<datafield ind1=" " ind2=" " tag="653">
<subfield code="a">Recycled aggregate</subfield>
</datafield>
<datafield ind1=" " ind2=" " tag="653">
<subfield code="a">Self-compacting concrete</subfield>
</datafield>
<datafield ind1=" " ind2=" " tag="653">
<subfield code="a">Industrial-scale mixes</subfield>
</datafield>
<datafield ind1=" " ind2=" " tag="653">
<subfield code="a">Precast-concrete company</subfield>
</datafield>
<datafield ind1=" " ind2=" " tag="653">
<subfield code="a">Multi-criteria analysis</subfield>
</datafield>
<datafield ind1=" " ind2=" " tag="653">
<subfield code="a">Company-oriented approach</subfield>
</datafield>
<datafield tag="245" ind1="0" ind2="0">
<subfield code="a">Using recycled aggregate concrete at a precast-concrete plant: A multi-criteria company-oriented feasibility study</subfield>
</datafield>
</record></metadata></record></GetRecord></OAI-PMH>